000 00398nam a2200145Ia 4500
008 100122s9999 xx 000 0 und d
082 _b51267
_a823
100 _aवाळिंबे शरच्चंद्र
245 _aपुरुष
260 _bएस के प्रकाशन
_c1995
300 _a240
630 _aपुरुष
730 _aपुरुष
942 _cBOOK
999 _c428729
_d428726